header

An Ambrose Bierce companion (Record no. 11867)

MARC details
000 -LEADER
fixed length control field 01278nam a2200313 a 4500
082 04 - DEWEY DECIMAL CLASSIFICATION NUMBER
Classification number 813/.4
100 1# - MAIN ENTRY--AUTHOR NAME
Personal name Gale, Robert L.,
245 13 - TITLE STATEMENT
Title An Ambrose Bierce companion
260 ## - PUBLICATION, DISTRIBUTION, ETC. (IMPRINT)
Place of publication Westport, Conn. :
Name of publisher Greenwood Press,
Year of publication 2001.
300 ## - PHYSICAL DESCRIPTION
Number of Pages xx, 333 p.
650 #0 - SUBJECT ADDED ENTRY--TOPICAL TERM
Topical Term Authors, American
Topical Term Journalists
856 40 - ELECTRONIC LOCATION AND ACCESS
Uniform Resource Identifier http://site.ebrary.com/lib/rucke/Doc?id=10017895

No items available.

© 2026 Rongo University
Contact us: librarian | system librarian | Rongo university